Các tình tiết tăng nặng, giảm nhẹ trách nhiệm hình sự

Nội dung các tình tiết tăng nặng, giảm nhẹ trách nhiệm hình sự. Nguyên tắc áp dụng các tình tiết tăng nặng, giảm nhẹ trách nhiệm hình sự khi quyết định hình phạt.

Salvato in:
Dettagli Bibliografici
Autore principale: Đinh, Văn Quế
Natura: Libro
Lingua:Undetermined
Pubblicazione: Hà Nội Chính trị Quốc gia 2000
Soggetti:
Tags: Aggiungi Tag
Nessun Tag, puoi essere il primo ad aggiungerne! !
Thư viện lưu trữ: Trung tâm Học liệu Trường Đại học Cần Thơ
LEADER 00931nam a2200217Ia 4500
001 CTU_39302
008 210402s9999 xx 000 0 und d
020 |c 12000 
082 |a 345.05 
082 |b Qu250 
100 |a Đinh, Văn Quế 
245 0 |a Các tình tiết tăng nặng, giảm nhẹ trách nhiệm hình sự 
245 0 |c Đinh Văn Quế 
260 |a Hà Nội 
260 |b Chính trị Quốc gia 
260 |c 2000 
520 |a Nội dung các tình tiết tăng nặng, giảm nhẹ trách nhiệm hình sự. Nguyên tắc áp dụng các tình tiết tăng nặng, giảm nhẹ trách nhiệm hình sự khi quyết định hình phạt. 
650 |a Criminal law,Criminal procedure 
650 |z Vietnam,Vietnam 
904 |i Nguyễn Quang Điền, 001108 (Nguyên sửa) 
980 |a Trung tâm Học liệu Trường Đại học Cần Thơ